Every Single Word Doctor Who title - Statistics

General Stats
  • This quiz has been taken 38 times
  • The average score is 28 of 43
Answer Stats
Answer % Correct
Blink
96%
Dalek
96%
42
87%
Rose
87%
Boom
78%
Doomsday
74%
Hide
74%
Kerblam!
74%
Listen
74%
Logopolis
74%
Midnight
74%
Rosa
74%
Survival
74%
Battlefield
70%
Castrovalva
70%
Gridlock
70%
Kinda
70%
Oxygen
70%
Robot
70%
Utopia
70%
Dragonfire
65%
Earthshock
65%
Inferno
65%
Meglos
65%
Mindwarp
65%
Resolution
65%
Shada
65%
Timelash
65%
Enlightenment
61%
Extremis
61%
Time-Flight
61%
Smile
57%
Snakedance
57%
Frontios
52%
Praxeus
52%
Underworld
52%
Flatline
48%
Spyfall Part 1
48%
Spyfall Part 2
48%
Terminus
48%
Lux
43%
Rogue
43%
Flux
26%
No matching quizzes found
Score Distribution
Percent of People with Each Score
Percentile by Number Answered
Your Score History
You have not taken this quiz